00425pab a2200145 454500008004000000100001500040245012100055260000900176300001600185362000800201650001400209700001900223700001900242773001800261180718b2009 xxu||||| |||| 00| 0 eng d aHood, John aLow-cost insurance schemes in Scottish social housing: an empirical study of availability and tenants' participation c2009 ap.1807-827. aAug aInsurance aMcCann, Claire aStein, William aUrban Studies